[Event "Challenge"]
[Site "http://www.queenalice.com/game.php?id=583091"]
[Date "2009.5.4"]
[Round "-"]
[White "CYRIL"]
[Black "Foska"]
[Result "1-0"]
[WhiteElo "1668"]
[BlackElo "1683"]

1. Nf3 d6 2. d4 Nf6 3. d5 g6 4. e3 Bg4 5. h3 Bxf3 6. Qxf3 a6 7. Bd3 Nbd7 8. Qe2
Nxd5 9. Qf3 N7b6 10. b3 Bg7 11. c4 Nb4 12. Be4 d5 13. Bxd5 N4xd5 14. cxd5 Bxa1
15. e4 O-O 16. O-O f5 17. Bh6 Rf7 18. Nd2 Bg7 19. Bxg7 Kxg7 20. Qc3+ Kg8 21. f4
Qd6 22. g3 fxe4 23. Nxe4 Qxd5 24. Ng5 Rf5 25. Qxc7 Qd4+ 26. Kh1 Qe4+ 27. Nxe4
Nd5 28. Qxb7 Rd8 29. Qxa6 Nb4 30. Qe6+ Kf8 31. g4 Rfd5 32. Ng5 Ke8 33. Qf7+ Kd7
34. Qe6+ Ke8 35. Re1 R8d7 36. Qg8# 1-0

[Event "Challenge"]
[Site "http://www.queenalice.com/game.php?id=583092"]
[Date "2009.5.4"]
[Round "-"]
[White "CYRIL"]
[Black "twin"]
[Result "0-1"]
[WhiteElo "1614"]
[BlackElo "1584"]

1. d4 d5 2. e3 Nf6 3. Bd3 Nc6 4. c3 e5 5. Bb5 exd4 6. Qxd4 Bd7 7. Bxc6 Bxc6 8.
Nf3 Bd6 9. Ne5 O-O 10. h4 Bb5 11. a4 c5 12. Qf4 Bxe5 13. Qxe5 Bc6 14. h5 b6 15.
h6 Re8 16. Qg3 g6 17. b3 c4 18. b4 a5 19. b5 Bd7 20. Nd2 Bg4 21. Nf3 Bxf3 22.
Qxf3 Qe7 23. Bd2 Ne4 24. Qg4 Qf6 25. Rc1 Nxf2 26. Qd4 Qxd4 27. cxd4 Nxh1 28. Ke2
Ng3+ 29. Kf3 Nf5 30. g4 Nxh6 31. Kf4 Re4+ 32. Kg5 Nxg4 33. Re1 Kg7 34. Rg1 Nxe3
35. Bxe3 h6# 0-1

[Event "Challenge"]
[Site "http://www.queenalice.com/game.php?id=583536"]
[Date "2009.5.5"]
[Round "-"]
[White "CYRIL"]
[Black "montelo"]
[Result "1-0"]
[WhiteElo "1578"]
[BlackElo "1721"]

1. d4 c6 2. c3 Nf6 3. Nf3 Qb6 4. e3 g6 5. Nbd2 Bg7 6. Bd3 d5 7. Nb3 Bg4 8. h3
Bxf3 9. Qxf3 Nbd7 10. O-O e5 11. e4 dxe4 12. Bxe4 Qc7 13. Bg5 h6 14. Bxf6 Bxf6
15. Rae1 O-O 16. Qg3 g5 17. h4 Bd8 18. Bf5 Bf6 19. Bxd7 Qxd7 20. Nc5 Qc7 21.
dxe5 Bg7 22. hxg5 hxg5 23. Qxg5 Rae8 24. f4 Qb6 25. b4 a5 26. Kh1 axb4 27. Nd7
f6 28. exf6 Rxf6 29. Nxb6 Rxe1 30. Rxe1 Kf7 31. cxb4 Rh6+ 32. Kg1 Rg6 33. Qe7+
Kg8 34. Nd7 Bd4+ 35. Kf1 Bg7 36. Qe8+ Kh7 37. f5 Rh6 38. Re7 Rh1+ 39. Kf2 Rh5
40. Nf6+ Kh6 41. Qxh5# 1-0

[Event "Challenge"]
[Site "http://www.queenalice.com/game.php?id=583538"]
[Date "2009.5.5"]
[Round "-"]
[White "montelo"]
[Black "CYRIL"]
[Result "0-1"]
[WhiteElo "1700"]
[BlackElo "1620"]

1. e4 e5 2. Nf3 c5 3. Nxe5 d6 4. Nc4 Be6 5. Qf3 Nc6 6. c3 b5 7. Ne3 c4 8. e5
Nxe5 9. Qe4 Nf6 10. Qb7 a6 11. d4 Ned7 12. Qf3 d5 13. g3 b4 14. Bg2 Qa5 15. Nxc4
Qb5 16. b3 Rc8 17. Ne5 Bd6 18. Nxd7 Bxd7 19. Bg5 O-O 20. Bf1 Rfe8+ 21. Be3 Qb6
22. Bg2 Bg4 23. Qxf6 Qb5 24. c4 Qb6 25. Qg5 Qxd4 26. O-O Qxa1 27. Qxg4 Qxa2 28.
Bd4 g6 29. Bxd5 Qxb3 30. Qd7 Rf8 31. Bxf7+ Rxf7 32. Qxc8+ Bf8 33. Qxa6 Qd3 34.
Qb6 Qxc4 35. Nd2 Qd3 36. Nb1 b3 37. Bc3 Qc2 38. Qd4 Bg7 39. Qc4 b2 40. Bxg7 Qxc4
41. Bxb2 h5 42. Nd2 Qc2 43. Bc1 Rg7 44. Nf3 Qc5 45. Ng5 Re7 46. Be3 Rxe3 47.
fxe3 Qxe3+ 48. Kg2 Qxg5 49. Rf2 Qg4 50. Kg1 h4 51. Kg2 g5 52. Kg1 hxg3 53. Rg2
Qd1# 0-1

[Event "Challenge"]
[Site "http://www.queenalice.com/game.php?id=584907"]
[Date "2009.5.7"]
[Round "-"]
[White "CYRIL"]
[Black "montelo"]
[Result "1-0"]
[WhiteElo "1675"]
[BlackElo "1719"]

1. d4 c5 2. d5 e5 3. c4 Qf6 4. Nc3 Qh4 5. e3 Qf6 6. Ne4 Qb6 7. Nf3 d6 8. Be2 Bg4
9. h3 Bxf3 10. Bxf3 f5 11. Ng5 Qb4+ 12. Qd2 Qxc4 13. Ne6 Na6 14. Be2 Qb4 15.
Bxa6 Qb6 16. Bc4 Nf6 17. a4 a5 18. Qc2 Ne4 19. Bd3 Nf6 20. Bxf5 Nxd5 21. Bd2 Qa7
22. Nc7+ Kf7 23. Nxa8 Qxa8 24. Bxh7 Qe8 25. Bg6+ 1-0

[Event "Challenge"]
[Site "http://www.queenalice.com/game.php?id=584908"]
[Date "2009.5.7"]
[Round "-"]
[White "montelo"]
[Black "CYRIL"]
[Result "0-1"]
[WhiteElo "1719"]
[BlackElo "1701"]

1. e3 e5 2. Qh5 d6 3. Qd1 Nf6 4. c3 Be6 5. Qf3 c6 6. b4 Bd5 7. Qd1 a5 8. b5 cxb5
9. Bxb5+ Bc6 10. Qf3 Bxb5 11. Qxb7 Bc6 12. Qb3 Bxg2 13. Nf3 Bxh1 14. Ng5 Bd5 15.
c4 a4 16. Qc3 h6 17. cxd5 hxg5 18. Ke2 Rxh2 19. Na3 Nxd5 20. Qc4 Nf6 21. Nb5 Kd7
22. Bb2 Nc6 23. d4 Rh4 24. Qd3 Ke8 25. d5 Nb4 26. Qd2 Qd7 27. Nc3 Qg4+ 0-1

[Event "Challenge"]
[Site "http://www.queenalice.com/game.php?id=585332"]
[Date "2009.5.8"]
[Round "-"]
[White "CYRIL"]
[Black "rlevy"]
[Result "1-0"]
[WhiteElo "1745"]
[BlackElo "1572"]

1. d4 d5 2. e3 Nf6 3. Bd3 Nc6 4. Bd2 e5 5. Bb5 Qe7 6. Bxc6+ bxc6 7. a3 Ne4 8.
Bb4 Nd6 9. Nf3 Bg4 10. h3 Bxf3 11. Qxf3 g6 12. Nd2 e4 13. Qg4 h5 14. Qf4 Bh6 15.
Qe5 Qxe5 16. dxe5 Nc4 17. Bc3 Bg7 18. Nb3 Nxe5 19. Bxe5 Bxe5 20. c3 Rb8 21. Na5
Rb6 22. O-O Rxb2 23. Rab1 Rb6 24. Rxb6 cxb6 25. Nxc6 Bxc3 26. Rc1 Bb2 27. Rc2
Bxa3 28. Nxa7 O-O 29. Rc6 Bc5 30. Nb5 Ra8 31. Nc3 d4 32. exd4 Bxd4 33. Nxe4 Ra1+
34. Kh2 Be5+ 35. g3 h4 36. Rxb6 1-0

[Event "Challenge"]
[Site "http://www.queenalice.com/game.php?id=587882"]
[Date "2009.5.13"]
[Round "-"]
[White "CYRIL"]
[Black "montelo"]
[Result "0-1"]
[WhiteElo "1755"]
[BlackElo "1667"]

1. d4 c6 2. c3 Nf6 3. e3 g6 4. Bd3 Bg7 5. Nf3 d6 6. h3 e5 7. dxe5 dxe5 8. Nxe5
O-O 9. Nf3 Bf5 10. Bxf5 Qxd1+ 11. Kxd1 gxf5 12. Rg1 Nbd7 13. b4 Rad8 14. Kc2 Ne4
15. Bb2 Nxf2 16. Nbd2 Rfe8 17. Rgf1 Ne4 18. Nxe4 Rxe4 19. Rae1 Ne5 20. Nxe5 Bxe5
21. Rxf5 Kf8 22. Rh5 Bg3 23. Re2 Rh4 24. Rxh4 Bxh4 25. e4 Ke7 26. Kb3 Rd3 27. e5
Ke6 28. a4 Bg3 29. Kc4 Rd5 30. b5 Bxe5 31. bxc6 bxc6 32. Kb3 f6 33. c4 Rd3+ 34.
Kc2 Rg3 35. Bxe5 fxe5 36. Kb2 Kf5 37. Rf2+ Ke4 38. Rf7 Rxg2+ 39. Kb1 h5 40. Rxa7
Rh2 41. a5 Rxh3 42. a6 Rb3+ 43. Ka2 Rb6 44. c5 Rb5 45. Rh7 Ra5+ 46. Kb3 Rxa6 47.
Rxh5 Kd4 48. Kb4 Ra8 49. Rh6 Rb8+ 50. Ka3 Kxc5 51. Rh3 Kd4 52. Rh1 Kd3 53. Rd1+
Ke4 54. Rc1 Kd5 55. Rd1+ Ke6 56. Rc1 Rb6 57. Ka4 e4 58. Ka5 Rb5+ 59. Ka6 Kd5 60.
Rd1+ Ke5 61. Rc1 e3 62. Rxc6 Rb2 63. Rc1 e2 64. Re1 Kf4 65. Rxe2 Rxe2 66. Kb5
Rc2 67. Kb4 Ke4 68. Kb3 Kd3 69. Kb4 Rc3 70. Kb5 Rc4 71. Kb6 Kc3 72. Kb5 Kb3 73.
Kb6 Kb4 0-1

[Event "Challenge"]
[Site "http://www.queenalice.com/game.php?id=587883"]
[Date "2009.5.13"]
[Round "-"]
[White "montelo"]
[Black "CYRIL"]
[Result "0-1"]
[WhiteElo "1704"]
[BlackElo "1725"]

1. e4 d5 2. e5 e6 3. c4 d4 4. Qf3 Nc6 5. d3 Nxe5 6. Qg3 Qd6 7. Bf4 f6 8. Bxe5
fxe5 9. Qf3 Qb4+ 10. Nd2 Qxb2 11. Nb3 Bb4+ 12. Kd1 Bd7 13. Ne2 Ba4 14. Qh5+ Kf8
15. Qg5 Qxa1+ 16. Kc2 Qxa2+ 17. Kc1 Qxb3 18. Nxd4 exd4 19. Qf4+ Nf6 20. Qf3 Qc2#
0-1

[Event "Challenge"]
[Site "http://www.queenalice.com/game.php?id=588090"]
[Date "2009.5.14"]
[Round "-"]
[White "DANTCHESSMART"]
[Black "CYRIL"]
[Result "1-0"]
[WhiteElo "1892"]
[BlackElo "1745"]

1. e4 d5 2. exd5 Qxd5 3. Nc3 Qe6+ 4. Be2 h5 5. Nf3 f6 6. d4 Qf7 7. O-O Qg6 8.
Nd5 Kd8 9. Bf4 Bh3 10. Nh4 Qe4 11. Bf3 Qe6 12. Nxc7 Qf7 13. Nxa8 Bg4 14. Bxb8 g5
15. Bc7+ Ke8 16. Qd3 gxh4 17. Bxg4 e6 18. Bxe6 Qg7 19. Qb5+ 1-0

[Event "Challenge"]
[Site "http://www.queenalice.com/game.php?id=588102"]
[Date "2009.5.14"]
[Round "-"]
[White "DANTCHESSMART"]
[Black "CYRIL"]
[Result "1-0"]
[WhiteElo "2027"]
[BlackElo "1751"]

1. e4 e5 2. f4 exf4 3. Bc4 Qh4+ 4. Kf1 Nf6 5. Nf3 Qh5 6. Nc3 d6 7. d4 Bg4 8.
Bxf4 Bxf3 9. Qxf3 Qxf3+ 10. gxf3 Nc6 11. Rd1 O-O-O 12. Bxf7 h6 13. h4 Nb4 14. a3
Nxc2 15. Rd2 Na1 16. Kg2 Nb3 17. Bxb3 Be7 18. e5 Nh5 19. Be3 Rhf8 20. Be6+ Kb8
21. Nd5 Rde8 22. Bd7 Rd8 23. Bg4 g6 24. Bxh5 gxh5 25. Nxe7 Rde8 26. Nd5 c6 27.
Nf6 Rd8 28. Bxh6 Rf7 29. Bg5 dxe5 30. dxe5 Rxd2+ 31. Bxd2 1-0

[Event "cyrilxspin"]
[Site "http://www.queenalice.com/game.php?id=589216"]
[Date "2009.5.16"]
[Round "-"]
[White "CYRIL"]
[Black "spin"]
[Result "1-0"]
[WhiteElo "1732"]
[BlackElo "1734"]

1. d4 e6 2. e4 Nf6 3. Bd3 Bb4+ 4. c3 Be7 5. e5 Nd5 6. Qg4 Rg8 7. h4 d6 8. Bxh7
f5 9. Qg6+ Kd7 10. Bxg8 Qxg8 11. Nf3 b6 12. h5 Nf4 13. Qg3 dxe5 14. Nxe5+ Ke8
15. Qxf4 Bd6 16. Qf3 c6 17. Nxc6 Bb7 18. d5 exd5 19. Qe3+ Kf8 20. Ne5 Qh7 21.
Ng6+ Kf7 22. Qg5 Bc8 23. Bf4 Bc5 24. Ne5+ Kf8 25. Qd8# 1-0

[Event "Challenge"]
[Site "http://www.queenalice.com/game.php?id=591067"]
[Date "2009.5.20"]
[Round "-"]
[White "talisman77"]
[Black "CYRIL"]
[Result "1-0"]
[WhiteElo "1755"]
[BlackElo "1688"]

1. d4 c6 2. Nf3 d5 3. Nc3 Bg4 4. h3 Bxf3 5. gxf3 e6 6. e4 dxe4 7. fxe4 Bb4 8.
Bc4 b5 9. Be2 Nf6 10. f3 Qc7 11. Bd2 Qg3+ 12. Kf1 h6 13. Qe1 Nh5 14. Qf2 Be7 15.
f4 Qxf2+ 16. Kxf2 Bh4+ 17. Kg2 Nd7 18. Bxh5 Rg8 19. Rhf1 g6 20. Bf3 O-O-O 21. e5
Kb7 22. Nxb5 Be7 23. Nc3 Nb6 24. b3 Rxd4 25. Be3 Rd7 26. Rfd1 Rxd1 27. Rxd1 g5
28. Kf2 gxf4 29. Bxf4 Bh4+ 30. Kf1 Nd5 31. Nxd5 exd5 32. Bxh6 Rg3 33. Bg2 Rc3
34. Rd2 a5 35. a4 Bg3 36. Bg5 Bxe5 37. Re2 f6 38. Bh4 d4 39. Rd2 d3 40. Rxd3
Rxc2 41. Rf3 Rc1+ 42. Kf2 Bd4+ 43. Kg3 Be5+ 44. Kf2 Rc2+ 45. Kg1 Bd4+ 46. Kh2
Be5+ 47. Bg3 Bxg3+ 48. Kxg3 Rb2 49. h4 Kb6 50. Rc3 c5 51. h5 Re2 52. h6 Re8 53.
h7 Rh8 54. Be4 1-0

[Event "Challenge"]
[Site "http://www.queenalice.com/game.php?id=592785"]
[Date "2009.5.23"]
[Round "-"]
[White "CYRIL"]
[Black "herderhf"]
[Result "0-1"]
[WhiteElo "1668"]
[BlackElo "1700"]

1. d4 d5 2. c3 Nc6 3. b4 b5 4. Nf3 e6 5. e3 Bd6 6. Bxb5 Bb7 7. Bxc6+ Bxc6 8. h4
g6 9. Ng5 Nf6 10. Ba3 h6 11. Nf3 Ne4 12. Ne5 Bb5 13. Nd2 Nxd2 14. Qxd2 Qf6 15.
g3 O-O 16. Ng4 Qf3 17. Nxh6+ Kg7 18. Rg1 Kxh6 19. e4+ Kg7 20. Bc1 Qxe4+ 21. Kd1
Ba4+ 0-1

[Event "La confirmation"]
[Site "http://www.queenalice.com/game.php?id=593740"]
[Date "2009.5.26"]
[Round "-"]
[White "spin27"]
[Black "CYRIL"]
[Result "1-0"]
[WhiteElo "1648"]
[BlackElo "1706"]

1. e4 e5 2. Bc4 c6 3. Qf3 Nf6 4. Nh3 h6 5. O-O d5 6. Bd3 Bg4 7. Qe3 d4 8. Qg3
Qd7 9. f3 Nh5 10. Qxg4 Qxg4 11. fxg4 Nf6 12. Nf2 h5 13. gxh5 Rxh5 14. Be2 Rh7
15. Bc4 Nbd7 16. d3 Be7 17. Bg5 Rh5 18. Bxf6 Bxf6 19. Nd2 b5 20. Bb3 a5 21. c4
a4 22. Bd1 Rh7 23. Bg4 O-O-O 24. b3 a3 25. b4 Be7 26. c5 Rdh8 27. h3 Kc7 28. Nb3
Bh4 29. Bf5 g6 30. Bxd7 Kxd7 31. Ng4 Ke7 32. Nxe5 Rc8 33. Na5 f6 34. Nexc6+ Kd7
35. Nxd4 Rf7 36. Nxb5 f5 37. exf5 Rxf5 38. Rxf5 gxf5 39. Nb3 f4 40. Nd2 Re8 41.
d4 Bg5 42. Nxa3 Rf8 43. b5 Rg8 44. c6+ Kc7 45. Nac4 Bf6 46. Kf1 Bxd4 47. Re1 Bc5
48. Re4 Rf8 49. a4 Bb4 50. Nf3 Bd6 51. Ng5 Rf5 52. Ne6+ Kc8 53. Nxd6+ 1-0

[Event "Challenge"]
[Site "http://www.queenalice.com/game.php?id=599500"]
[Date "2009.6.6"]
[Round "-"]
[White "CYRIL"]
[Black "paloberto"]
[Result "0-1"]
[WhiteElo "1719"]
[BlackElo "1785"]

1. d4 Nf6 2. e3 g6 3. Nf3 Bg7 4. Bd3 d5 5. c4 c6 6. c5 O-O 7. h4 b6 8. Ne5 bxc5
9. dxc5 Qa5+ 10. Nc3 Qxc5 11. Na4 Qd6 0-1

[Event "Challenge"]
[Site "http://www.queenalice.com/game.php?id=601849"]
[Date "2009.6.11"]
[Round "-"]
[White "CYRIL"]
[Black "reggis_souza"]
[Result "0-1"]
[WhiteElo "1675"]
[BlackElo "1912"]

1. d4 d5 2. e3 Nf6 3. Bd3 a6 4. a4 Nc6 5. Bd2 e5 6. dxe5 Nxe5 7. Nf3 Bg4 8. h3
Bxf3 9. gxf3 Nxd3+ 10. cxd3 Qd7 11. Qb3 O-O-O 12. Bc3 Be7 13. Nd2 Qf5 14. Qc2
Rhg8 15. O-O-O Nd7 16. Ba5 b6 17. Bc3 Nc5 18. d4 Qxc2+ 19. Kxc2 Nxa4 20. Ra1
Nxc3 21. bxc3 a5 22. Rhb1 Bh4 23. c4 Bxf2 24. c5 bxc5 25. dxc5 Bxe3 26. c6 Rd6
27. Rxa5 Rxc6+ 28. Kd3 Bxd2 29. Ra8+ Kd7 30. Rxg8 Bh6 31. Rb5 Rd6 32. Rf8 Ke7
33. Rh8 c6 34. Rb7+ Rd7 35. Rb6 c5 36. Rxh7 c4+ 37. Kd4 f6 38. Rh8 Kf7 0-1

[Event "Challenge"]
[Site "http://www.queenalice.com/game.php?id=683101"]
[Date "2009.11.14"]
[Round "-"]
[White "thedead"]
[Black "CYRIL"]
[Result "0-1"]
[WhiteElo "1567"]
[BlackElo "1685"]

1. e4 e5 2. Nf3 d6 3. h3 Nf6 4. d3 Nc6 5. c3 Be7 6. Be2 h5 7. Nh2 Be6 8. Bg5 d5
9. Bxf6 Bxf6 10. Bxh5 g6 11. Bg4 Qd7 12. Na3 Bxg4 13. Qxg4 Qxg4 14. Nxg4 Bg5 15.
exd5 Ne7 16. Nxe5 Nxd5 17. O-O Rh7 18. Nf3 Bf4 19. Rfe1+ Kd7 20. Nc4 f6 21. Rad1
Rd8 22. Na5 Kc8 23. Nb3 g5 24. Nc5 g4 25. hxg4 Rdh8 26. g3 Bd6 27. Ne4 Rg7 28.
Nxd6+ cxd6 29. Re4 Ne7 30. Rde1 Nc6 31. Nh4 Ne5 32. Nf5 Rgh7 33. Rxe5 dxe5 34.
Kf1 Rh1+ 35. Ke2 Rxe1+ 36. Kxe1 Rh1+ 37. Kd2 Ra1 38. a3 Rh1 39. Ne3 Rh2 40. Ke2
Rh1 41. Kd2 Rh7 0-1

[Event "Challenge"]
[Site "http://www.queenalice.com/game.php?id=685383"]
[Date "2009.11.18"]
[Round "-"]
[White "CYRIL"]
[Black "jorm"]
[Result "0-1"]
[WhiteElo "1685"]
[BlackElo "1729"]

1. d4 d5 2. e3 a6 3. a4 e6 4. Bd2 b6 5. Nf3 Nf6 6. Ne5 Nc6 7. c3 Nxe5 8. dxe5
Ne4 9. Bd3 Qg5 10. O-O Qxe5 11. Bxe4 Qxe4 12. f3 Qg6 13. a5 b5 14. b3 Bd6 15. f4
O-O 16. Na3 Bb7 17. Qe2 Rae8 18. c4 b4 19. Nb1 c5 20. Be1 f5 21. Nd2 e5 22. fxe5
Bxe5 23. Rd1 d4 24. Nf3 Bf4 25. Rd3 Bxe3+ 26. Kh1 Qh6 27. g3 Re4 28. Qg2 Qh5 29.
Bf2 Re6 30. Bxe3 dxe3 31. Qe2 Rfe8 32. Kg1 f4 33. Rd7 Bxf3 34. Rxf3 Rg6 35. Rd5
Re5 36. Rxe5 Qxe5 37. Kh1 Qh5 38. gxf4 Qg4 39. Qxe3 Qg2# 0-1

[Event "Challenge"]
[Site "http://www.queenalice.com/game.php?id=685384"]
[Date "2009.11.18"]
[Round "-"]
[White "CYRIL"]
[Black "doido"]
[Result "0-1"]
[WhiteElo "1685"]
[BlackElo "1780"]

1. d4 d6 2. c4 g6 3. d5 Bg7 4. Nf3 e6 5. e4 c6 6. Bd3 Nf6 7. O-O O-O 8. Bg5 Qb6
9. Qd2 Nfd7 10. Bh6 Bxh6 11. Qxh6 Qxb2 12. Nbd2 Qg7 13. Qf4 Ne5 14. Nxe5 Qxe5
15. g3 exd5 16. exd5 cxd5 17. cxd5 Qxd5 18. Be4 Qe5 19. Nf3 Qxf4 20. gxf4 Nc6
21. Bxc6 bxc6 22. Nd4 c5 23. Nb5 Ba6 24. a4 Bxb5 25. axb5 Rfe8 26. Kg2 Kg7 27.
Ra6 d5 28. Rfa1 Reb8 29. R1a5 c4 30. Kf1 Re8 31. b6 Re7 32. Rxd5 c3 33. Rc5 axb6
34. Rxb6 Ra3 35. h4 Rd7 36. Kg2 Rd2 37. Rb1 c2 38. Rc1 Ra2 39. Rc7 h5 40. Kg3
Rd1 41. R1xc2 Rxc2 42. Rxc2 Rg1+ 43. Kh3 Rg4 44. Rc4 f6 45. f3 Rg1 46. Rc5 Kh6
47. Kh2 Rd1 48. Kg3 Rd8 49. Rc6 Rf8 50. f5 gxf5 51. Rc5 Kg6 52. Kf4 Rb8 53. Rxf5
Rb4+ 0-1

[Event "Challenge"]
[Site "http://www.queenalice.com/game.php?id=694771"]
[Date "2009.12.8"]
[Round "-"]
[White "extermination"]
[Black "CYRIL"]
[Result "1-0"]
[WhiteElo "1811"]
[BlackElo "1696"]

1. e4 e5 2. Nf3 d6 3. Nc3 Nf6 4. Bc4 a6 5. d3 b5 6. Bb3 c6 7. Ng5 h6 8. Nxf7 Qe7
9. Nxh8 Be6 10. Ng6 Qd7 11. Bxe6 Qxe6 12. O-O h5 13. Bg5 Ng4 14. Nxf8 Kxf8 15.
h3 Nh6 16. Qxh5 Nd7 17. Bxh6 gxh6 18. a4 b4 19. Ne2 Ke7 20. Ng3 Rf8 21. Nf5+ Kd8
22. Qxh6 Qxh6 23. Nxh6 Nf6 24. Nf5 Kd7 25. a5 Nh5 26. d4 Nf4 27. dxe5 dxe5 28.
Rad1+ Ke6 29. Rd6+ Kf7 30. Rxc6 Ne2+ 31. Kh2 Rg8 32. Nh6+ 1-0